000 00907cam a22002893a 4500
001 9660
003 PGUSA
005 20140828083214.0
008 060101s2006||||xxu|||||s|||||000 | eng d
040 _aPGUSA
_beng
042 _adc
050 4 _aHQ
100 1 _aKnox, John,
_d-1572
245 1 4 _aThe First Blast of the Trumpet against the monstrous regiment of Women
_h[electronic resource] /
_cJohn Knox
260 _bProject Gutenberg,
_c2006
506 _aPublic domain in the USA.
516 _aElectronic text
653 _aWomen -- Social and moral questions
653 _aWomen heads of state
653 _aWomen -- Religious aspects -- Christianity
653 _aChurch of Scotland -- Doctrines
653 _aReformed Church -- Doctrines
700 1 _aArber, Edward,
_d1836-1912
830 0 _aProject Gutenberg
_v9660
856 4 0 _uhttp://www.gutenberg.org/ebooks/9660
942 _cEB
999 _c238916
_d238916